| 000 | 00548nam a2200181 4500 | ||
|---|---|---|---|
| 001 | 139912 | ||
| 003 | ES-MaACL | ||
| 005 | 20230906195938.0 | ||
| 007 | t| | ||
| 008 | 070214s1967 sp r ||||1| spa d | ||
| 100 | 1 |
_aSchofield, Michael. _9104623 |
|
| 245 | 1 | 0 |
_aAspectos sociológicos de la homosexualidad / _cMichael Schofield ; traducción de José Luis Lana. |
| 250 | _a1ª. ed. | ||
| 260 |
_aBarcelona : _bFontanella, _c1967. |
||
| 300 |
_a378 p. ; _c19 cm. |
||
| 700 | 1 |
_aLana, José Luis. _969884 |
|
| 852 |
_aES-MaACL _jC-34170 _bR.64929 |
||
| 999 |
_c139912 _d139912 |
||